[Event "African Games-chT 2019"]
[Site "Casablanca"]
[Date "2019.08.24"]
[Round "5.27"]
[White "Magne, Kouokam Sylviane"]
[Black "Haile, Lidet Abate"]
[Result "0-1"]
[WhiteElo "1317"]
[BlackElo "1593"]
[Annotator "NA"]
[PlyCount "116"]
[EventDate "2019.08.24"]
[EventType "team-tourn"]
[EventCountry "MAR"]
[SourceTitle "playchess.com"]
[Source "ChessBase"]
[SourceQuality "1"]
[WhiteTeam "CMR"]
[BlackTeam "Ethiopia"]
[BlackTeamCountry "ETH"]
[TimeControl "900+10"]

1. d4 {[%emt 0:00:00]} d5 {[%emt 0:00:00]} 2. c4 {[%emt 0:00:00]} e6 {[%emt 0:00:00]} 3. cxd5 {[%emt 0:00:00]} exd5 {[%emt 0:00:00]} 4. Nc3 {[%emt 0:00:03]} Nc6 {[%emt 0:00:04]} 5. Nf3 {[%emt 0:00:02]} Nf6 {[%emt 0:00:07]} 6. e3 {[%emt 0:00:06]} Bg4 {[%emt 0:00:16]} 7. Be2 {[%emt 0:00:19]} Be7 {[%emt 0:00:43]} 8. O-O {[%emt 0:00:07]} O-O {[%emt 0:00:03]} 9. a3 {[%emt 0:00:04]} h6 {[%emt 0:00:40]} 10. b4 {[%emt 0:00:17]} a6 {[%emt 0:00:45]} 11. Bb2 {[%emt 0:00:06]} Na7 {[%emt 0:00:47]} 12. Rc1 {[%emt 0:00:19]} c6 {[%emt 0:00:05]} 13. h3 {[%emt 0:00:35]} Bh5 {[%emt 0:00:19]} 14. Ne5 {[%emt 0:00:28]} Bxe2 {[%emt 0:00:20]} 15. Nxe2 {[%emt 0:00:04]} Bd6 {[%emt 0:00:07]} 16. Ng3 {[%emt 0:00:13]} Qc7 {[%emt 0:01:04]} 17. f4 {[%emt 0:00:23]} Nb5 {[%emt 0:00:48]} 18. Nf5 {[%emt 0:01:05]} Qc8 {[%emt 0:01:21]} 19. Qc2 {[%emt 0:00:22]} Ne4 {[%emt 0:00:44]} 20. Nh4 {[%emt 0:01:13]} Qd8 {[%emt 0:00:43]} 21. Nhf3 {[%emt 0:00:38]} Bc7 {[%emt 0:00:55]} 22. Qe2 {[%emt 0:00:36]} Re8 {[%emt 0:01:02]} 23. Nh2 {[%emt 0:00:38]} Ng3 {[%emt 0:00:28]} 24. Qf3 {[%emt 0:00:45]} Nxf1 {[%emt 0:00:04]} 25. Rxf1 {[%emt 0:00:02]} Qe7 {[%emt 0:00:11]} 26. Qh5 {[%emt 0:00:21]} f6 {[%emt 0:00:26]} 27. Neg4 {[%emt 0:00:14]} Qf7 {[%emt 0:00:49]} 28. Qf5 {[%emt 0:01:04]} Nd6 {[%emt 0:00:17]} 29. Qd3 {[%emt 0:00:26]} Nc4 {[%emt 0:00:52]} 30. Bc1 {[%emt 0:00:22]} Qe7 {[%emt 0:00:12]} 31. Re1 {[%emt 0:00:11]} Qe4 {[%emt 0:00:17]} 32. Qe2 {[%emt 0:00:57]} Re7 {[%emt 0:00:23]} 33. Nf2 {[%emt 0:00:03]} Qe6 {[%emt 0:00:04]} 34. Nhg4 {[%emt 0:00:09]} Rae8 {[%emt 0:00:05]} 35. e4 {[%emt 0:00:42]} dxe4 {[%emt 0:00:47]} 36. Be3 {[%emt 0:00:17]} Nxe3 {[%emt 0:00:13]} 37. Nxe3 {[%emt 0:00:02]} Bxf4 {[%emt 0:00:05]} 38. Nfg4 {[%emt 0:02:01]} Bxe3+ {[%emt 0:00:11]} 39. Nxe3 {[%emt 0:00:02]} f5 {[%emt 0:00:18]} 40. Rf1 {[%emt 0:00:07]} Rf8 {[%emt 0:00:07]} 41. h4 {[%emt 0:01:14]} f4 {[%emt 0:00:24]} 42. Nc4 {[%emt 0:00:57]} Qd5 {[%emt 0:00:53]} 43. Ne5 {[%emt 0:01:25]} Qxd4+ {[%emt 0:00:05]} 44. Kh1 {[%emt 0:00:13]} Qxe5 {[%emt 0:00:03]} 45. Qc4+ {[%emt 0:00:05]} Qd5 {[%emt 0:00:07]} 46. Qe2 {[%emt 0:00:14]} Ref7 {[%emt 0:00:13]} 47. Kh2 {[%emt 0:00:40]} f3 {[%emt 0:00:10]} 48. gxf3 {[%emt 0:00:03]} exf3 {[%emt 0:00:02]} 49. Qf2 {[%emt 0:00:27]} Qd6+ {[%emt 0:00:09]} 50. Kh1 {[%emt 0:00:08]} Qg6 {[%emt 0:00:17]} 51. Rg1 {[%emt 0:00:07]} Qh5 {[%emt 0:00:15]} 52. Rg3 {[%emt 0:00:23]} Qxh4+ {[%emt 0:00:06]} 53. Kg1 {[%emt 0:00:06]} Qh5 {[%emt 0:00:29]} 54. Kf1 {[%emt 0:00:23]} Qh1+ {[%emt 0:00:07]} 55. Rg1 {[%emt 0:00:01]} Qh3+ {[%emt 0:00:02]} 56. Ke1 {[%emt 0:00:18]} Rd8 {[%emt 0:00:09]} 57. Qa2 {[%emt 0:01:21]} Qh4+ {[%emt 0:00:18]} 58. Kf1 {[%emt 0:00:15]} Rd1# {[%emt 0:00:05]} 0-1

[Event "African Games-chT 2019"]
[Site "Casablanca"]
[Date "2019.08.24"]
[Round "5.28"]
[White "Eshete, Ruth Leykun"]
[Black "Youwou Pedhom, Grace Christie"]
[Result "0-1"]
[WhiteElo "1495"]
[BlackElo "1640"]
[Annotator "NA"]
[PlyCount "117"]
[EventDate "2019.08.24"]
[EventType "team-tourn"]
[EventCountry "MAR"]
[SourceTitle "playchess.com"]
[Source "ChessBase"]
[SourceQuality "1"]
[WhiteTeam "Ethiopia"]
[WhiteTeamCountry "ETH"]
[TimeControl "900+10"]

1. d4 {[%emt 0:00:00]} Nf6 {[%emt 0:00:00]} 2. c4 {[%emt 0:00:01]} g6 {[%emt 0:00:00]} 3. Nc3 {[%emt 0:00:03]} Bg7 {[%emt 0:00:01]} 4. e4 {[%emt 0:00:12]} d6 {[%emt 0:00:29]} 5. Nf3 {[%emt 0:00:09]} O-O {[%emt 0:01:21]} 6. Bd3 {[%emt 0:00:39]} Re8 {[%emt 0:00:04]} 7. O-O {[%emt 0:00:48]} Bg4 {[%emt 0:00:21]} 8. h3 {[%emt 0:00:25]} Bxf3 {[%emt 0:00:03]} 9. Qxf3 {[%emt 0:00:07]} e5 {[%emt 0:00:37]} 10. d5 {[%emt 0:01:18]} Nbd7 {[%emt 0:02:10]} 11. Bg5 {[%emt 0:01:00]} c6 {[%emt 0:01:45]} 12. Rac1 {[%emt 0:01:42]} h6 {[%emt 0:01:11]} 13. Be3 {[%emt 0:00:58]} cxd5 {[%emt 0:00:29]} 14. cxd5 {[%emt 0:00:28]} b6 {[%emt 0:00:07]} 15. Nb5 {[%emt 0:00:09]} Nc5 {[%emt 0:00:35]} 16. Bb1 {[%emt 0:01:01]} Re7 {[%emt 0:00:38]} 17. b4 {[%emt 0:01:10]} Ncd7 {[%emt 0:01:10]} 18. Rc6 {[%emt 0:00:54]} a6 {[%emt 0:01:15]} 19. Nxd6 {[%emt 0:01:07]} b5 {[%emt 0:00:47]} 20. Nb7 {[%emt 0:00:26]} Qf8 {[%emt 0:01:09]} 21. Nc5 {[%emt 0:01:08]} Nb8 {[%emt 0:00:37]} 22. Rxf6 {[%emt 0:00:21]} Bxf6 {[%emt 0:00:45]} 23. Qxf6 {[%emt 0:00:07]} Nd7 {[%emt 0:00:30]} 24. Nxd7 {[%emt 0:00:53]} Rxd7 {[%emt 0:00:03]} 25. Qxe5 {[%emt 0:00:03]} Re8 {[%emt 0:00:10]} 26. Qf4 {[%emt 0:00:10]} h5 {[%emt 0:00:28]} 27. a3 {[%emt 0:00:29]} f6 {[%emt 0:00:51]} 28. Rc1 {[%emt 0:00:40]} Qg7 {[%emt 0:00:21]} 29. Bd4 {[%emt 0:00:28]} Rf7 {[%emt 0:00:17]} 30. Rc6 {[%emt 0:00:03]} g5 {[%emt 0:00:29]} 31. Qf5 {[%emt 0:00:23]} Ref8 {[%emt 0:00:29]} 32. Rxa6 {[%emt 0:00:08]} h4 {[%emt 0:00:13]} 33. Rb6 {[%emt 0:00:06]} Qh6 {[%emt 0:00:12]} 34. Be3 {[%emt 0:00:20]} Kh8 {[%emt 0:00:11]} 35. Rxb5 {[%emt 0:00:17]} Rg7 {[%emt 0:00:23]} 36. d6 {[%emt 0:00:05]} Qg6 {[%emt 0:00:04]} 37. Qxg6 {[%emt 0:00:14]} Rxg6 {[%emt 0:00:02]} 38. d7 {[%emt 0:00:03]} Rg7 {[%emt 0:00:17]} 39. Rd5 {[%emt 0:00:32]} Rd8 {[%emt 0:00:02]} 40. b5 {[%emt 0:00:49]} Rgxd7 {[%emt 0:00:02]} 41. Rxd7 {[%emt 0:00:06]} Rxd7 {[%emt 0:00:02]} 42. Bc2 {[%emt 0:00:12]} Rc7 {[%emt 0:00:21]} 43. Ba4 {[%emt 0:00:14]} Rc3 {[%emt 0:00:11]} 44. b6 {[%emt 0:00:15]} Rc8 {[%emt 0:00:46]} 45. b7 {[%emt 0:00:13]} Rb8 {[%emt 0:00:01]} 46. Bc6 Kg8 {[%emt 0:00:28]} 47. Ba7 {[%emt 0:00:05]} Rxb7 {[%emt 0:00:08]} 48. Bxb7 {[%emt 0:00:04]} Kf7 {[%emt 0:00:02]} 49. Bd5+ {[%emt 0:00:14]} Ke7 {[%emt 0:00:03]} 50. a4 {[%emt 0:00:04]} Kd6 {[%emt 0:00:05]} 51. a5 {[%emt 0:00:09]} f5 {[%emt 0:00:04]} 52. a6 {[%emt 0:00:16]} fxe4 {[%emt 0:00:13]} 53. Bxe4 {[%emt 0:00:02]} Kc7 {[%emt 0:00:02]} 54. Bd4 {[%emt 0:00:04]} Kb8 {[%emt 0:00:07]} 55. a7+ {[%emt 0:00:03]} Kc7 {[%emt 0:00:06]} 56. a8=Q {[%emt 0:00:08]} Kd7 {[%emt 0:00:13]} 57. Qc6+ {[%emt 0:00:04]} Ke7 {[%emt 0:00:03]} 58. Bf6+ {[%emt 0:00:06]} Kf7 {[%emt 0:00:09]} 59. Bxg5 {[%emt 0:00:12]} 0-1

[Event "African Games-chT 2019"]
[Site "Casablanca"]
[Date "2019.08.24"]
[Round "5.30"]
[White "Traore, Bakary"]
[Black "Naipal, Hoolan"]
[Result "1-0"]
[WhiteElo "2189"]
[BlackElo "1785"]
[Annotator "NA"]
[PlyCount "76"]
[EventDate "2019.08.24"]
[EventType "team-tourn"]
[EventCountry "MAR"]
[SourceTitle "playchess.com"]
[Source "ChessBase"]
[SourceQuality "1"]
[WhiteTeam "Mali"]
[BlackTeam "Mauritius"]
[WhiteTeamCountry "MLI"]
[BlackTeamCountry "MRI"]
[TimeControl "900+10"]

1. e4 {[%emt 0:00:00]} e5 {[%emt 0:00:00]} 2. Nf3 {[%emt 0:00:00]} Nc6 {[%emt 0:00:00]} 3. Bb5 {[%emt 0:00:00]} a6 {[%emt 0:00:00]} 4. Ba4 {[%emt 0:00:00]} Nf6 {[%emt 0:00:00]} 5. O-O {[%emt 0:00:00]} Be7 {[%emt 0:00:09]} 6. Re1 {[%emt 0:00:05]} b5 {[%emt 0:00:02]} 7. Bb3 {[%emt 0:00:01]} d6 {[%emt 0:00:10]} 8. c3 {[%emt 0:00:03]} O-O {[%emt 0:00:04]} 9. h3 {[%emt 0:00:01]} Nb8 {[%emt 0:00:29]} 10. d3 {[%emt 0:00:15]} Nbd7 {[%emt 0:00:20]} 11. Nbd2 {[%emt 0:00:04]} Bb7 {[%emt 0:00:25]} 12. Nf1 {[%emt 0:00:12]} Re8 {[%emt 0:00:29]} 13. Ng3 {[%emt 0:00:13]} Nc5 {[%emt 0:00:52]} 14. Bc2 {[%emt 0:00:22]} g6 {[%emt 0:00:10]} 15. Bh6 {[%emt 0:00:24]} Bf8 {[%emt 0:00:08]} 16. Qd2 {[%emt 0:00:12]} Bxh6 {[%emt 0:02:43]} 17. Qxh6 {[%emt 0:00:04]} Qe7 {[%emt 0:00:06]} 18. b4 {[%emt 0:02:19]} Ncd7 {[%emt 0:00:44]} 19. Bb3 {[%emt 0:00:09]} Qf8 {[%emt 0:00:25]} 20. Qg5 {[%emt 0:00:23]} Qg7 {[%emt 0:00:28]} 21. a4 {[%emt 0:00:21]} h6 {[%emt 0:00:37]} 22. Qd2 {[%emt 0:00:07]} c5 {[%emt 0:03:43]} 23. axb5 {[%emt 0:00:44]} axb5 {[%emt 0:00:02]} 24. Ra5 {[%emt 0:00:42]} cxb4 {[%emt 0:02:55]} 25. cxb4 {[%emt 0:00:18]} Rxa5 {[%emt 0:00:14]} 26. bxa5 {[%emt 0:00:03]} Nc5 {[%emt 0:00:10]} 27. Bc2 {[%emt 0:00:41]} Ra8 {[%emt 0:00:57]} 28. Ra1 {[%emt 0:00:24]} Nfd7 {[%emt 0:01:38]} 29. Qb4 {[%emt 0:00:57]} Ba6 {[%emt 0:01:23]} 30. Nf1 {[%emt 0:01:23]} Nf8 {[%emt 0:00:25]} 31. Ne3 {[%emt 0:00:11]} Nfe6 {[%emt 0:00:03]} 32. Nd5 {[%emt 0:00:10]} Rb8 {[%emt 0:00:05]} 33. Rd1 {[%emt 0:00:40]} Qf8 {[%emt 0:00:17]} 34. d4 {[%emt 0:00:23]} exd4 {[%emt 0:00:02]} 35. Nxd4 {[%emt 0:00:02]} Nxd4 {[%emt 0:00:03]} 36. Qxd4 {[%emt 0:00:07]} Qg7 {[%emt 0:00:24]} 37. Nf6+ {[%emt 0:00:09]} Kh8 {[%emt 0:00:02]} 38. Qxd6 {[%emt 0:00:06]} b4 1-0

[Event "African Games-chT 2019"]
[Site "Casablanca"]
[Date "2019.08.24"]
[Round "5.33"]
[White "Kourakoumba, Florent"]
[Black "Asante Debesai Zerabruk"]
[Result "1-0"]
[WhiteElo "1677"]
[BlackElo "1712"]
[Annotator "NA"]
[PlyCount "199"]
[EventDate "2019.08.24"]
[EventType "team-tourn"]
[EventCountry "MAR"]
[SourceTitle "playchess.com"]
[Source "ChessBase"]
[SourceQuality "1"]
[WhiteTeam "CAF"]
[BlackTeam "Eritrea"]
[BlackTeamCountry "ERI"]
[TimeControl "900+10"]

1. e4 {[%emt 0:00:00]} c6 {[%emt 0:00:00]} 2. d4 {[%emt 0:00:00]} d5 {[%emt 0:00:00]} 3. e5 {[%emt 0:00:02]} Bf5 {[%emt 0:00:00]} 4. Nf3 {[%emt 0:00:05]} e6 {[%emt 0:00:00]} 5. h3 {[%emt 0:00:08]} h6 {[%emt 0:00:16]} 6. Be2 {[%emt 0:00:13]} Nd7 {[%emt 0:00:01]} 7. O-O {[%emt 0:00:03]} a6 {[%emt 0:00:07]} 8. Bd3 {[%emt 0:00:08]} Bxd3 {[%emt 0:00:02]} 9. Qxd3 {[%emt 0:00:01]} c5 {[%emt 0:00:03]} 10. c3 {[%emt 0:00:02]} Ne7 {[%emt 0:00:12]} 11. Be3 {[%emt 0:00:18]} c4 {[%emt 0:00:08]} 12. Qe2 {[%emt 0:00:05]} Ng6 {[%emt 0:00:14]} 13. Nbd2 {[%emt 0:00:12]} Be7 {[%emt 0:00:17]} 14. Nh2 {[%emt 0:00:17]} Qc7 {[%emt 0:02:47]} 15. f4 {[%emt 0:00:07]} O-O-O {[%emt 0:02:08]} 16. b3 {[%emt 0:00:08]} Nb6 {[%emt 0:00:40]} 17. a4 {[%emt 0:00:11]} cxb3 {[%emt 0:00:36]} 18. Nxb3 {[%emt 0:00:03]} Qc4 {[%emt 0:00:02]} 19. Qxc4+ {[%emt 0:00:42]} Nxc4 {[%emt 0:00:09]} 20. Bd2 {[%emt 0:00:16]} f5 {[%emt 0:00:23]} 21. Bc1 {[%emt 0:00:23]} Kb8 {[%emt 0:00:27]} 22. Rf3 {[%emt 0:00:06]} Nf8 {[%emt 0:00:39]} 23. Nd2 {[%emt 0:00:06]} Rc8 {[%emt 0:00:25]} 24. Nxc4 {[%emt 0:00:03]} Rxc4 {[%emt 0:00:02]} 25. Bd2 {[%emt 0:00:12]} g5 {[%emt 0:00:02]} 26. g3 {[%emt 0:00:09]} Ng6 {[%emt 0:00:09]} 27. Kh1 {[%emt 0:00:12]} Rhc8 {[%emt 0:00:19]} 28. a5 {[%emt 0:00:02]} Ka7 {[%emt 0:00:21]} 29. Rff1 {[%emt 0:00:06]} R8c6 {[%emt 0:00:53]} 30. Rfb1 {[%emt 0:00:04]} b6 {[%emt 0:00:17]} 31. axb6+ {[%emt 0:00:11]} Rxb6 {[%emt 0:00:01]} 32. Rxb6 {[%emt 0:00:04]} Kxb6 {[%emt 0:00:02]} 33. Nf1 {[%emt 0:00:09]} gxf4 {[%emt 0:00:29]} 34. gxf4 {[%emt 0:00:01]} Nh4 {[%emt 0:00:28]} 35. Ne3 {[%emt 0:00:08]} Rc8 {[%emt 0:00:13]} 36. Rb1+ {[%emt 0:00:05]} Ka7 {[%emt 0:00:07]} 37. Rf1 {[%emt 0:00:18]} Rb8 {[%emt 0:00:35]} 38. Ng2 {[%emt 0:00:02]} Nxg2 {[%emt 0:01:03]} 39. Kxg2 {[%emt 0:00:01]} Rb2 {[%emt 0:00:01]} 40. Rf2 {[%emt 0:00:05]} Bh4 41. Re2 {[%emt 0:00:12]} Be1 {[%emt 0:00:22]} 42. Rxe1 {[%emt 0:00:12]} Rxd2+ {[%emt 0:00:01]} 43. Kg3 {[%emt 0:00:02]} Rc2 {[%emt 0:00:02]} 44. Re3 {[%emt 0:00:04]} a5 {[%emt 0:00:00]} 45. Kh4 {[%emt 0:00:03]} a4 {[%emt 0:00:01]} 46. Kh5 {[%emt 0:00:01]} a3 {[%emt 0:00:52]} 47. Kxh6 {[%emt 0:00:06]} Rh2 {[%emt 0:00:06]} 48. Kg6 {[%emt 0:00:07]} a2 {[%emt 0:00:09]} 49. Re1 {[%emt 0:00:01]} Rxh3 {[%emt 0:00:02]} 50. Ra1 {[%emt 0:00:02]} Rh2 {[%emt 0:00:09]} 51. Kf6 {[%emt 0:00:01]} Rh6+ {[%emt 0:00:18]} 52. Ke7 {[%emt 0:00:05]} Kb6 {[%emt 0:03:19]} 53. Rxa2 {[%emt 0:00:04]} Kb7 {[%emt 0:00:26]} 54. Rb2+ {[%emt 0:00:03]} Kc7 {[%emt 0:00:07]} 55. Rb4 {[%emt 0:00:08]} Kc6 {[%emt 0:01:24]} 56. Ra4 {[%emt 0:00:10]} Kb7 {[%emt 0:00:07]} 57. Rb4+ {[%emt 0:00:03]} Kc6 {[%emt 0:00:06]} 58. Rb8 {[%emt 0:00:05]} Rg6 {[%emt 0:00:12]} 59. Rf8 {[%emt 0:00:05]} Rg4 {[%emt 0:00:23]} 60. Kxe6 {[%emt 0:00:13]} Rxf4 {[%emt 0:00:06]} 61. Rxf5 {[%emt 0:00:02]} Rh4 {[%emt 0:00:16]} 62. Rf6 {[%emt 0:00:02]} Rh3 {[%emt 0:00:08]} 63. Kf5+ {[%emt 0:00:06]} Kc7 {[%emt 0:00:20]} 64. Rd6 {[%emt 0:00:06]} Rf3+ {[%emt 0:00:22]} 65. Ke6 {[%emt 0:00:07]} Rxc3 {[%emt 0:00:10]} 66. Kxd5 {[%emt 0:00:04]} Ra3 {[%emt 0:00:08]} 67. Rh6 {[%emt 0:00:11]} Ra5+ {[%emt 0:00:04]} 68. Ke4 {[%emt 0:00:02]} Ra4 {[%emt 0:00:02]} 69. Rf6 {[%emt 0:00:15]} Kd7 {[%emt 0:00:07]} 70. Rd6+ {[%emt 0:00:03]} Ke7 {[%emt 0:00:02]} 71. Rb6 {[%emt 0:00:11]} Kd7 {[%emt 0:00:09]} 72. Rb7+ {[%emt 0:00:05]} Ke6 {[%emt 0:00:06]} 73. Rb6+ {[%emt 0:00:07]} Kd7 {[%emt 0:00:07]} 74. Rd6+ {[%emt 0:00:03]} Ke7 {[%emt 0:00:01]} 75. Kf5 {[%emt 0:00:03]} Ra1 {[%emt 0:00:06]} 76. Re6+ {[%emt 0:00:08]} Kf7 {[%emt 0:00:07]} 77. Rf6+ {[%emt 0:00:07]} Ke7 {[%emt 0:00:00]} 78. Rb6 {[%emt 0:00:09]} Rf1+ {[%emt 0:00:04]} 79. Ke4 {[%emt 0:00:01]} Re1+ {[%emt 0:00:01]} 80. Kd5 {[%emt 0:00:01]} Ra1 {[%emt 0:00:13]} 81. Rb7+ {[%emt 0:00:02]} Ke8 {[%emt 0:00:04]} 82. Ke6 {[%emt 0:00:04]} Ra6+ {[%emt 0:00:02]} 83. Kf5 {[%emt 0:00:06]} Rh6 {[%emt 0:00:08]} 84. d5 {[%emt 0:00:02]} Rh5+ {[%emt 0:00:02]} 85. Ke4 {[%emt 0:00:03]} Rh4+ {[%emt 0:00:01]} 86. Kd3 {[%emt 0:00:16]} Rh5 {[%emt 0:00:11]} 87. Kd4 {[%emt 0:00:02]} Rh4+ {[%emt 0:00:07]} 88. Kc5 {[%emt 0:00:02]} Rh1 {[%emt 0:00:01]} 89. Kd6 {[%emt 0:00:04]} Rh6+ {[%emt 0:00:02]} 90. e6 {[%emt 0:00:01]} Kf8 {[%emt 0:00:40]} 91. Rb8+ {[%emt 0:00:21]} Kg7 {[%emt 0:00:01]} 92. Rb7+ {[%emt 0:00:01]} Kf8 {[%emt 0:00:02]} 93. Rb8+ {[%emt 0:00:09]} Kg7 {[%emt 0:00:01]} 94. Kd7 {[%emt 0:00:05]} Rh7 {[%emt 0:00:36]} 95. e7 {[%emt 0:00:03]} Kf6 {[%emt 0:00:03]} 96. d6 {[%emt 0:00:01]} Ke5 {[%emt 0:00:58]} 97. Rb6 {[%emt 0:00:09]} Kf6 {[%emt 0:00:09]} 98. Kd8 {[%emt 0:00:03]} Rxe7 {[%emt 0:00:48]} 99. dxe7+ {[%emt 0:00:03]} Kg7 {[%emt 0:00:01]} 100. Rb7 {[%emt 0:00:05]} 1-0

[Event "African Games-chT 2019"]
[Site "Casablanca"]
[Date "2019.08.25"]
[Round "6.1"]
[White "Makoto, Rodwell"]
[Black "Adly, Ahmed"]
[Result "0-1"]
[WhiteElo "2373"]
[BlackElo "2636"]
[Annotator "TA"]
[PlyCount "131"]
[EventDate "2019.08.24"]
[EventType "team-tourn"]
[EventCountry "MAR"]
[SourceTitle "playchess.com"]
[Source "ChessBase"]
[SourceQuality "1"]
[WhiteTeam "Zimbabwe"]
[BlackTeam "Egypt"]
[WhiteTeamCountry "ZIM"]
[BlackTeamCountry "EGY"]

{[%evp 9,131,39,51,43,28,30,31,21,18,8,31,5,43,31,49,20,42,38,62,48,88,74,97,93,176,173,191,176,158,170,176,159,161,174,175,177,182,190,178,186,210,185,245,256,256,245,249,248,263,252,270,263,269,267,264,257,267,259,331,327,336,329,313,318,380,325,342,287,579,581,794,799,1047,1044,1067,1370,2852,2360,29977,29978,29977,29978,29975,29976,29985,29986,29982,11748,4129,1803,29981,29982,29982,29983,29983,29984,29984,29985,29986,29984,29986,29987,29987,29986,29986,29987,29987,29988,29990,29989,29989,29990,29992,29993,29995,29994,29994,29994,29994,29995,29996,29997,29997,29993]} 1. Nf3 b6 2. g3 Bb7 3. Bg2 e5 4. d3 Nf6 (4... g6 5. O-O Bg7 6. c4 Ne7 7. Nc3 O-O 8. h4 d5 9. Nh2 Qd7 10. cxd5 Nxd5 11. Qb3 c6 12. Bd2 Na6 13. Rac1 Nc5 14. Qc4 Ne6 15. Nf3 {0-1 (46) Korley,K (2390)-Stefansson,H (2548) Ballerup 2014}) 5. O-O d6 6. c4 {A04: Unusual lines after 1 Nf3 and King's Indian Attack} g6 7. Nc3 Bg7 8. e4 {White is slightly better.} O-O 9. Be3 h6 $146 ({Predecessor:} 9... Nbd7 10. h3 a5 11. Qd2 Qe8 12. Nb5 Qc8 13. a3 Nc5 14. Qc2 Bc6 15. a4 {0-1 (42) Gusev,B (1798)-Kozyrev,V St Petersburg 2008}) 10. h3 Nbd7 11. b4 c6 12. d4 exd4 13. Nxd4 Ne5 14. Qb3 c5 15. bxc5 $1 {Strongly threatening f4.} dxc5 16. Ndb5 Qd3 {[#]} (16... Qe7 $16) 17. Rad1 $1 $18 {[%cal Rd1d3]} Qxc4 {[#]} 18. f4 $1 Nh5 19. fxe5 Qxb3 20. axb3 Nxg3 21. Rfe1 Bxe5 22. Bxh6 Rfd8 {With the idea ...a6.} 23. Nd5 a6 24. Nbc3 (24. Nxb6 axb5 25. Nxa8 Rxa8 $11) 24... b5 25. Be3 c4 (25... Bxc3 $142 26. Nxc3 Rxd1 27. Rxd1 Bxe4 28. Bxc5 (28. Bxe4 Re8 $18) 28... Bxg2) 26. bxc4 bxc4 27. Bd4 Bxd4+ 28. Rxd4 Kg7 29. Rxc4 Rac8 30. Rxc8 Bxc8 31. Kf2 Nh5 32. Rb1 Rd6 33. Ke3 a5 34. Rb8 Rc6 35. Kd4 Ba6 36. Ra8 Kh6 37. e5 {Threatens to win with Ne3.} Rc4+ 38. Ke3 Bc8 $2 (38... Bb7) 39. Bf1 Rc5 40. Kd4 Bb7 41. Ra7 Rc6 42. Rxb7 f6 43. exf6 Nxf6 44. Nxf6 Rxf6 45. Be2 Rd6+ 46. Nd5 Re6 47. Bg4 Re1 48. Ra7 (48. Nf6 $142 Kg5 49. Ne4+ Kh6 50. Ra7 Rf1 51. Rxa5 Re1 52. Nd6 Re7 53. h4) 48... Ra1 49. Ra6 a4 50. Ne7 {White mates.} Kg7 51. Nxg6 a3 52. Ne5 a2 53. Nd3 Kf7 54. Be6+ Ke7 55. Bxa2 Rg1 56. Nf4 Rf1 57. Ke4 Re1+ 58. Kf5 Rh1 59. Bd5 Rc1 60. h4 Kf8 61. Ra7 Rb1 62. h5 Rb6 63. Ng6+ Ke8 64. h6 Rb5 65. h7 {[%cal Rh7h8]} Rxd5+ 66. Ne5 {Played: Kf5-e4} 0-1

[Event "African Games-chT 2019"]
[Site "Casablanca"]
[Date "2019.08.25"]
[Round "6.2"]
[White "Amin, Bassem"]
[Black "Mushore, Emarald Takudzwa"]
[Result "0-1"]
[WhiteElo "2692"]
[BlackElo "2198"]
[Annotator "RC"]
[PlyCount "84"]
[EventDate "2019.08.24"]
[EventType "team-tourn"]
[EventCountry "MAR"]
[SourceTitle "playchess.com"]
[Source "ChessBase"]
[SourceQuality "1"]
[WhiteTeam "Egypt"]
[BlackTeam "Zimbabwe"]
[WhiteTeamCountry "EGY"]
[BlackTeamCountry "ZIM"]
[TimeControl "900+10"]

1. Nf3 {[%emt 0:00:04]} Nf6 {[%emt 0:00:00]} 2. g3 {[%emt 0:00:01]} e6 {[%emt 0:00:00]} 3. Bg2 {[%emt 0:00:02]} d5 {[%emt 0:00:04]} 4. O-O {[%emt 0:00:03]} b5 {[%emt 0:00:08]} 5. d3 {[%emt 0:00:04]} Bb7 {[%emt 0:00:05]} 6. Nbd2 {[%emt 0:00:06]} Be7 {[%emt 0:00:07]} 7. e4 {[%emt 0:00:04]} O-O {[%emt 0:00:48]} 8. e5 {[%emt 0:00:03]} Nfd7 {[%emt 0:00:02]} 9. Re1 {[%emt 0:00:01]} c5 {[%emt 0:00:07]} 10. Nf1 {[%emt 0:00:02]} Nc6 {[%emt 0:00:08]} 11. h4 {[%emt 0:00:06]} Qc7 {[%emt 0:00:38]} 12. Bf4 {[%emt 0:00:01]} Rfe8 {[%emt 0:00:12]} 13. N1h2 {[%emt 0:01:28]} Nb6 {[%emt 0:00:23]} 14. c3 {[%emt 0:00:24]} d4 {[%emt 0:01:02]} 15. Ng5 {[%emt 0:00:06]} Bxg5 {[%emt 0:02:25]} 16. hxg5 {[%emt 0:00:02]} Ne7 {[%emt 0:00:14]} 17. Qh5 {[%emt 0:00:17]} Ng6 {[%emt 0:00:52]} 18. cxd4 {[%emt 0:00:12]} cxd4 {[%emt 0:00:13]} 19. Ng4 {[%emt 0:00:10]} Bxg2 {[%emt 0:02:11]} 20. Kxg2 {[%emt 0:00:02]} Nd5 {[%emt 0:00:03]} 21. Re4 {[%emt 0:03:33]} Qc2 {[%emt 0:01:21]} 22. Rh1 {[%emt 0:02:18]} Qxd3 {[%emt 0:00:18]} 23. f3 {[%emt 0:02:05]} Ngxf4+ {[%emt 0:01:33]} 24. Rxf4 {[%emt 0:00:11]} Nxf4+ {[%emt 0:00:21]} 25. gxf4 {[%emt 0:00:01]} Rac8 {[%emt 0:00:20]} 26. Nf2 {[%emt 0:00:18]} Rc2 {[%emt 0:00:16]} 27. Kg3 {[%emt 0:00:02]} Qg6 {[%emt 0:00:25]} 28. Qg4 {[%emt 0:01:13]} Rd8 {[%emt 0:00:31]} 29. Ne4 {[%emt 0:00:08]} d3 {[%emt 0:00:21]} 30. Nd6 {[%emt 0:00:01]} d2 {[%emt 0:00:25]} 31. Rd1 {[%emt 0:00:06]} Rc1 {[%emt 0:00:04]} 32. Rxd2 {[%emt 0:00:28]} Rg1+ {[%emt 0:00:06]} 33. Rg2 {[%emt 0:00:01]} Rxg2+ {[%emt 0:00:01]} 34. Kxg2 {[%emt 0:00:00]} Qc2+ {[%emt 0:01:00]} 35. Kg3 {[%emt 0:00:11]} Qxb2 {[%emt 0:00:20]} 36. Qh5 {[%emt 0:00:08]} Rd7 {[%emt 0:00:29]} 37. Qh1 {[%emt 0:00:02]} Rc7 {[%emt 0:00:29]} 38. Ne4 {[%emt 0:00:24]} Rc1 {[%emt 0:00:05]} 39. Qh3 {[%emt 0:00:21]} Rg1+ {[%emt 0:00:06]} 40. Kh4 {[%emt 0:00:01]} Qg2 {[%emt 0:00:06]} 41. Qxg2 {[%emt 0:02:28]} Rxg2 {[%emt 0:00:02]} 42. a3 {[%emt 0:00:12]} a5 {[%emt 0:00:04]} 0-1